000 00375 a2200169 4500
001 189600
020 _a978-85-99868-06-3
040 _cMagnum
100 _aLima, Zeneida
240 1 0 _aO recado do papagaio
_lpor
245 1 0 _aO recado do papagaio
300 _a15
362 0 _a2006
440 1 _aImperial Novo MilĂȘnio
697 _aLITERATURA INFANTO
942 _cBK
999 _c189600
_d189600